Mediciones de transmisión en fibras ópticas con fuentes colimadas y no colimadas
Salvato in:
| Autore principale: | |
|---|---|
| Natura: | Libro |
| Pubblicazione: |
[San José, Costa Rica]
2006
|
| Soggetti: | |
| Tags: |
Aggiungi Tag
Nessun Tag, puoi essere il primo ad aggiungerne!!
|
MARC
| LEADER | 00000nam a2200000Ia 4500 | ||
|---|---|---|---|
| 003 | 009857 | ||
| 005 | 20221231144111.0 | ||
| 008 | 140114s2006 c a 000 ||s d | ||
| 040 | |c cru CEDI | ||
| 090 | |a TFG 5383 | ||
| 100 | |a Ceciliano Campos, Álvaro |9 5000 | ||
| 245 | |a Mediciones de transmisión en fibras ópticas con fuentes colimadas y no colimadas | ||
| 260 | |c 2006 |b [San José, Costa Rica] | ||
| 300 | |a x, 66 hojas; ilustraciones | ||
| 500 | |a Proyecto de graduación (bachillerato en ingeniería eléctrica)--Universidad de Costa Rica. Facultad de Ingeniería. Escuela de Ingeniería Eléctrica | ||
| 650 | |x FIBRA OPTICA |x SISTEMAS DE COMUNICACION |x COMUNICACIONES OPTICAS |x REDES DE OPTICA DE FIBRA |9 5001 | ||
| 942 | |c TFG | ||
| 999 | |c 16892 |d 16892 | ||
